| 000 | 00484cam a22001337a 4500 | ||
|---|---|---|---|
| 008 | 180718b2006 xxu||||| |||| 00| 0 eng d | ||
| 100 | _aGrais, Wafik | ||
| 245 |
_aCorporate governance and shariah compliance in institutions offering islamic financial services _cby Wafik Grais and Matteo Pellegrini |
||
| 260 |
_aWashington, D.C. _bWorld Bank _c2006 |
||
| 300 | _a35p. | ||
| 440 | _aPolicy research working paper; 4054 | ||
| 650 | _aCorporate governance | ||
| 700 | _aPellegrini, Matteo | ||
| 999 |
_c294519 _d294519 |
||